Statistiques concernant Les 100 prénoms les plus portés en France

Cliquez ici pour prendre le quiz!

Statistiques générales

  • Ce quiz a été pris 151,865 fois
    (151,825 depuis la dernière actualisation)
  • Le résultat moyen est 39 sur 100

Statistiques - réponses

# Prénom % Correct
2Jean
90%
1Marie
88%
4Pierre
80%
63Paul
78%
66Julie
72%
64Louis
70%
41François
70%
22Jacques
65%
3Michel
65%
61Marc
61%
9Nicolas
58%
33Anne
55%
65Antoine
54%
39Thomas
53%
5Philippe
52%
53Jeanne
51%
29Julien
50%
40Alexandre
50%
92Léa
49%
17Claude
49%
14Patrick
49%
19Christophe
48%
45Sophie
48%
16Françoise
47%
20Christian
46%
15Bernard
45%
86Kevin
44%
8Dominique
43%
28Laurent
43%
68Camille
42%
10Isabelle
42%
35Christine
41%
98Henri
41%
31Stéphane
41%
21André
41%
11Catherine
40%
7Nathalie
40%
13Sylvie
40%
6Alain
40%
27Eric
40%
18Daniel
39%
34Pascal
39%
38Olivier
39%
26Frédéric
39%
30David
39%
52Vincent
38%
59Robert
38%
69Maxime
38%
24Gérard
37%
82Georges
37%
32Sébastien
37%
42Valérie
37%
44Stéphanie
37%
23Martine
37%
55Guillaume
37%
77Emilie
36%
72Jean-Pierre
36%
84Yves
35%
37Thierry
35%
94Caroline
35%
73Romain
33%
51René
33%
47Céline
33%
46Véronique
33%
12Monique
32%
60Hélène
32%
75Laurence
32%
71Aurélie
31%
88Marcel
31%
36Nicole
30%
62Jérôme
30%
50Didier
29%
25Jacqueline
29%
96Cécile
29%
43Sandrine
29%
54Patricia
28%
100Florence
28%
58Brigitte
27%
57Bruno
27%
81Franck
27%
56Annie
27%
70Roger
26%
87Elodie
25%
90Christelle
25%
89Gilles
25%
67Guy
25%
49Christiane
25%
80Anthony
25%
48Chantal
24%
93Danielle
24%
78Michèle
24%
79Virginie
23%
74Serge
23%
99Cédric
23%
85Corinne
22%
83Denise
22%
97Claudine
22%
91Yvette
20%
95Colette
18%
76Jeannine
16%

Distribution des résultats

Percentile par nombre de réponses

% des personnes avec chaque résultat

Votre développement - résultats

Vous n’avez pas pris ce quiz depuis la dernière actualisation